LEADER 02957oam 2200721I 450 001 9910465482803321 005 20200520144314.0 010 $a1-317-05379-6 010 $a1-315-60951-7 010 $a1-283-38274-1 010 $a9786613382740 010 $a1-4094-2092-2 024 7 $a10.4324/9781315609515 035 $a(CKB)2560000000079247 035 $a(EBL)834055 035 $a(OCoLC)772524300 035 $a(SSID)ssj0000576159 035 $a(PQKBManifestationID)12208932 035 $a(PQKBTitleCode)TC0000576159 035 $a(PQKBWorkID)10554431 035 $a(PQKB)11414353 035 $a(MiAaPQ)EBC834055 035 $a(MiAaPQ)EBC4470556 035 $a(PPN)15831381X 035 $a(Au-PeEL)EBL4470556 035 $a(CaPaEBR)ebr11489239 035 $a(OCoLC)1018155758 035 $a(OCoLC)950005073 035 $a(EXLCZ)992560000000079247 100 $a20180706e20162012 uy 0 101 0 $aeng 135 $aur|n|---||||| 181 $ctxt 182 $cc 183 $acr 200 10$aSocial media in travel, tourism and hospitality $etheory, practice and cases /$fby Marianna Sigala, Evangelos Christou [and] Ulrike Gretzel 210 1$aLondon ;$aNew York :$cRoutledge,$d2016. 215 $a1 online resource (339 p.) 225 1 $aNew Directions in Tourism Analysis 300 $a"First published 2012 by Ashgate Publishing'--t.p. verso. 311 $a1-4094-2091-4 320 $aIncludes bibliographical references at the end of each chapters and index. 327 $apt. 1. Web 2.0 : strategic and operational business models -- pt. 2. Web 2.0 : applications for marketing -- pt. 3. Web 2.0 : travellers' behaviour -- pt. 4. Web 2.0 : knowledge management and market research. 330 $aWritten by an international group of researchers widely known for their expertise in the field of the Internet and tourism, this book presents cutting-edge theory, research and case studies. It investigates web 2.0 applications and tools that transform the role and behaviour of the new generation of travellers, as well as examining the ways in which firms reengineer and implement their business models and operations, such as new service development, marketing, networking and knowledge management. 410 0$aNew directions in tourism analysis. 606 $aTourism$xSocial aspects 606 $aHospitality industry$xSocial aspects 606 $aSocial media 608 $aElectronic books. 615 0$aTourism$xSocial aspects. 615 0$aHospitality industry$xSocial aspects. 615 0$aSocial media. 676 $a910.688 700 $aSigala$b Marianna.$0479495 701 $aChristou$b Evangelos$0545560 701 $aGretzel$b Ulrike$0942935 801 0$bMiAaPQ 801 1$bMiAaPQ 801 2$bMiAaPQ 906 $aBOOK 912 $a9910465482803321 996 $aSocial media in travel, tourism and hospitality$92127861 997 $aUNINA LEADER 01078nam a2200289 i 4500 001 991000677569707536 005 20020507172140.0 008 950228s1967 fr ||| | fre 035 $ab10741896-39ule_inst 035 $aLE01300579$9ExL 040 $aDip.to Matematica$beng 082 0 $a510 084 $aAMS 47A45 100 1 $aFoias, Ciprian$021981 245 10$aAnalyse harmonique des opérateurs de l'espace de Hilbert /$cBela Sz.-Nagy, Ciprian Foias 260 $aParis :$bMasson ; [Budapest] : Akadémiai Kiadň,$cc1967 300 $axi, 373 p. ;$c24 cm. 500 $aOrig. hungar ed. 650 4$aContraction operators 650 4$aNonselfadjoint operators 700 1 $aSz?kefalvi-Nagy, Béla 907 $a.b10741896$b11-05-16$c28-06-02 912 $a991000677569707536 945 $aLE013 47A SZO12 (1967:MASSON)$g1$i2013000023427$lle013$o-$pE0.00$q-$rl$s- $t0$u2$v0$w2$x0$y.i10833274$z28-06-02 996 $aAnalyse harmonique des opérateurs de l'espace de Hilbert$9910832 997 $aUNISALENTO 998 $ale013$b01-01-95$cm$da $e-$ffre$gfr $h0$i1